[Event "Karposh Open 2015"]
[Site "Skopje MKD"]
[Date "2015.03.29"]
[Round "4.19"]
[White "Abramovic, Bosko"]
[Black "Dinev, Dejan"]
[Result "1-0"]
[WhiteElo "2462"]
[BlackElo "2317"]
[PlyCount "65"]
[EventDate "2015.03.27"]
[EventType "swiss"]
[EventRounds "9"]
[EventCountry "MKD"]
[Source "lmi"]
[SourceDate "2015.03.27"]

1. c4 e5 2. Nc3 Nc6 3. e3 f5 4. d4 d6 5. b4 Nf6 6. Nf3 e4 7. Nd2 Be7 8. Be2 O-O
9. a3 a5 10. b5 Nb8 11. a4 c5 12. Nb3 b6 13. Bb2 Be6 14. f4 Ra7 15. Qd2 Rc7 16.
O-O-O cxd4 17. Nxd4 Bc8 18. Kb1 d5 19. cxd5 Qd6 20. Nc6 Rd7 21. Qd4 Ne8 22. Qe5
Qc5 23. Nxe7+ Rxe7 24. Qd4 Qd6 25. h3 Nd7 26. g4 Nc5 27. Rhg1 Rc7 28. Qe5 Qh6
29. d6 Rd7 30. Nd5 Qxd6 31. Qxd6 Nxd6 32. Nxb6 Rdd8 33. Nxc8 1-0

[Event "Karposh Open 2015"]
[Site "Skopje MKD"]
[Date "2015.03.29"]
[Round "4.20"]
[White "Kanmazalp, Ogulcan"]
[Black "Marjanovics, Annamaria"]
[Result "1-0"]
[WhiteElo "2458"]
[BlackElo "2230"]
[PlyCount "49"]
[EventDate "2015.03.27"]
[EventType "swiss"]
[EventRounds "9"]
[EventCountry "MKD"]
[Source "lmi"]
[SourceDate "2015.03.27"]

1. d4 Nf6 2. Bg5 e6 3. Nd2 h6 4. Bh4 c5 5. e4 cxd4 6. e5 g5 7. Bg3 Nd5 8. h4
gxh4 9. Bxh4 Be7 10. Qh5 d6 11. Ngf3 Nb4 12. O-O-O Qc7 13. Nc4 d3 14. Bxd3
Nxd3+ 15. Rxd3 Qxc4 16. Bxe7 d5 17. Rh4 Qc7 18. Bf6 Rg8 19. Rg4 Rxg4 20. Qxg4
Nd7 21. Qg8+ Nf8 22. Rc3 Qd7 23. Nd4 Qa4 24. Bg7 Qb4 25. Nb5 1-0

[Event "Karposh Open 2015"]
[Site "Skopje MKD"]
[Date "2015.03.29"]
[Round "4.21"]
[White "Haznedaroglu, Kivanc"]
[Black "Gokerkan, Cem Kaan"]
[Result "1-0"]
[WhiteElo "2445"]
[BlackElo "2092"]
[PlyCount "157"]
[EventDate "2015.03.27"]
[EventType "swiss"]
[EventRounds "9"]
[EventCountry "MKD"]
[Source "lmi"]
[SourceDate "2015.03.27"]

1. d4 Nf6 2. c4 g6 3. Nc3 Bg7 4. e4 d6 5. Be2 O-O 6. Bg5 c5 7. d5 b5 8. cxb5 a6
9. bxa6 Bxa6 10. Nf3 Qb6 11. Qc2 Bxe2 12. Qxe2 h6 13. Bh4 Nbd7 14. O-O Rfb8 15.
b3 g5 16. Bg3 Nh5 17. Rac1 Nxg3 18. hxg3 Qa7 19. Na4 Nb6 20. Nxb6 Rxb6 21. Rc2
Ra6 22. a4 Rb6 23. Nd2 Qd7 24. Qd3 Rb4 25. Rc4 Rb7 26. Rfc1 Rab8 27. R1c2 Qd8
28. Ra2 Qa5 29. Rcc2 Rb4 30. Rc4 R4b7 31. Kf1 Rb6 32. Rcc2 Qa7 33. Ra3 Rb4 34.
Nc4 Qa6 35. g4 Bd4 36. g3 Qc8 37. Qf3 Qb7 38. Rca2 Qa6 39. Kg2 Kg7 40. Qd3 Ra8
41. a5 Rab8 42. Qd1 R8b5 43. Rd2 f6 44. Qf3 Rb7 45. Rd3 Rc7 46. Qf5 Rcb7 47.
Qe6 Ra7 48. Rf3 Rb8 49. Ra4 Qc8 50. Qxc8 Rxc8 51. Rd3 Be5 52. Kf3 Rb8 53. Ke3
Bd4+ 54. Kd2 Be5 55. Nb6 Rbb7 56. Ke3 Bd4+ 57. Rdxd4 cxd4+ 58. Kxd4 Kf7 59. Kc3
Ke8 60. Nc4 Kd7 61. Ra1 Ra6 62. Rh1 Rc7 63. b4 Ra8 64. Kb3 Rb7 65. Rxh6 Rab8
66. Nb6+ Rxb6 67. axb6 Rxb6 68. f4 Rb8 69. Rg6 Rh8 70. fxg5 fxg5 71. Rxg5 Rh3
72. Rg8 Rxg3+ 73. Ka4 e6 74. Rg7+ Ke8 75. b5 exd5 76. b6 Kf8 77. Rc7 Rg1 78. b7
Ra1+ 79. Kb3 1-0

[Event "Karposh Open 2015"]
[Site "Skopje MKD"]
[Date "2015.03.29"]
[Round "4.22"]
[White "Bubalovic, Davorin"]
[Black "Doncea, Vladimir"]
[Result "0-1"]
[WhiteElo "2268"]
[BlackElo "2421"]
[PlyCount "120"]
[EventDate "2015.03.27"]
[EventType "swiss"]
[EventRounds "9"]
[EventCountry "MKD"]
[Source "lmi"]
[SourceDate "2015.03.27"]

1. e4 c5 2. Nf3 e6 3. d4 cxd4 4. Nxd4 Nc6 5. Nc3 Nf6 6. Ndb5 Bc5 7. Bf4 O-O 8.
Bc7 Qe7 9. Bd6 Bxd6 10. Qxd6 Ne8 11. Qxe7 Nxe7 12. O-O-O f5 13. Nd6 Nxd6 14.
Rxd6 fxe4 15. Nxe4 Nf5 16. Rd2 d5 17. Ng5 b6 18. Nf3 Nd6 19. Bd3 Bd7 20. Re1
Rf6 21. Rde2 Re8 22. Nd4 e5 23. Rxe5 Rxf2 24. Rxe8+ Nxe8 25. Re2 Rxe2 26. Nxe2
Nf6 27. Kd2 Kf7 28. Nd4 Ke7 29. h4 Kd6 30. Ke3 a5 31. Kf4 Nh5+ 32. Ke3 Nf6 33.
c3 Bg4 34. Kf4 Bd7 35. Bf5 Nh5+ 36. Kf3 Bxf5 37. Nxf5+ Ke5 38. g4 g6 39. Ne7
Nf6 40. Nc8 Nd7 41. Ke3 Nf6 42. g5 Nd7 43. b3 Kf5 44. Ne7+ Ke6 45. Ng8 Ne5 46.
Nf6 h5 47. Ne8 Nc6 48. Nc7+ Ke5 49. c4 d4+ 50. Kf3 Kf5 51. Nd5 Ne5+ 52. Ke2 Kg4
53. Nxb6 Kxh4 54. Na4 Kxg5 55. Nc5 Kf5 56. Nb7 h4 57. Nd6+ Kf4 58. Kf2 h3 59.
Nb5 Ng4+ 60. Kg1 Kg3 0-1

[Event "Karposh Open 2015"]
[Site "Skopje MKD"]
[Date "2015.03.29"]
[Round "4.23"]
[White "Perunovic, Milos"]
[Black "Demircioglu, Emre"]
[Result "1-0"]
[WhiteElo "2632"]
[BlackElo "2219"]
[PlyCount "75"]
[EventDate "2015.03.27"]
[EventType "swiss"]
[EventRounds "9"]
[EventCountry "MKD"]
[Source "lmi"]
[SourceDate "2015.03.27"]

1. e4 e5 2. Nf3 Nc6 3. Bb5 Nf6 4. d3 Bc5 5. O-O Nd4 6. Nxd4 Bxd4 7. c3 Bb6 8.
Na3 c6 9. Ba4 O-O 10. Bg5 h6 11. Bh4 g5 12. Bg3 d6 13. Nc4 Bg4 14. Qc2 Nh5 15.
Nxb6 axb6 16. Bb3 Qe7 17. f3 Nxg3 18. hxg3 Be6 19. f4 f6 20. d4 Kg7 21. Rad1
Rad8 22. dxe5 dxe5 23. Rxd8 Rxd8 24. fxe5 fxe5 25. Kh2 b5 26. Bxe6 Qxe6 27. Rf5
Rf8 28. g4 Rxf5 29. gxf5 Qxa2 30. Qd2 Qf7 31. Qd6 Qe8 32. g4 h5 33. f6+ Kg8 34.
Qc7 Qg6 35. Qb8+ Kh7 36. Qxb7+ Kh6 37. Qe7 hxg4 38. f7 1-0

[Event "Karposh Open 2015"]
[Site "Skopje MKD"]
[Date "2015.03.29"]
[Round "4.24"]
[White "Tuncer, Tuna"]
[Black "Kraemer, Martin"]
[Result "0-1"]
[WhiteElo "2234"]
[BlackElo "2577"]
[PlyCount "118"]
[EventDate "2015.03.27"]
[EventType "swiss"]
[EventRounds "9"]
[EventCountry "MKD"]
[Source "lmi"]
[SourceDate "2015.03.27"]

1. e4 e5 2. Nf3 Nc6 3. Bb5 a6 4. Ba4 Nf6 5. O-O Be7 6. Re1 b5 7. Bb3 d6 8. c3
O-O 9. h3 Nb8 10. d4 Nbd7 11. Nbd2 Bb7 12. a4 c5 13. d5 c4 14. Bc2 Nc5 15. Nf1
Rb8 16. Ng3 Bc8 17. axb5 axb5 18. Be3 Qc7 19. Qe2 Bd7 20. Nd2 Rfc8 21. f4 Na4
22. Ra2 Bd8 23. Nf3 Ra8 24. Rea1 Qb8 25. Kh1 Ra6 26. Nh4 g6 27. Nf3 Bb6 28.
fxe5 dxe5 29. Bg5 Ne8 30. Nh2 f6 31. Bd2 Qd6 32. Qf3 Rca8 33. Ng4 Bd8 34. h4
Nxb2 35. Rxa6 Rxa6 36. Rf1 Ra2 37. Bb1 Ra6 38. Nh6+ Kf8 39. h5 Ba5 40. Ng4 Ke7
41. hxg6 hxg6 42. Ne2 Kd8 43. Qg3 Qe7 44. Ng1 Na4 45. Nh3 Bxc3 46. Bxc3 Nxc3
47. Nxf6 Rxf6 48. Rxf6 Qxf6 49. Qxc3 Qf1+ 50. Kh2 Bxh3 51. Kxh3 Qh1+ 52. Kg3
Qxb1 53. Qa5+ Ke7 54. Qb6 Qxe4 55. Qxb5 Kf7 56. Qc5 Kg7 57. Qa7+ Kg8 58. Qe7
Qf4+ 59. Kh3 Qf7 0-1

[Event "Karposh Open 2015"]
[Site "Skopje MKD"]
[Date "2015.03.29"]
[Round "4.25"]
[White "Giannoulakis, Labros"]
[Black "Djukic, Nikola"]
[Result "0-1"]
[WhiteElo "2217"]
[BlackElo "2529"]
[PlyCount "108"]
[EventDate "2015.03.27"]
[EventType "swiss"]
[EventRounds "9"]
[EventCountry "MKD"]
[Source "lmi"]
[SourceDate "2015.03.27"]

1. d4 Nf6 2. c4 g6 3. Nc3 Bg7 4. e4 d6 5. Nge2 O-O 6. Ng3 e5 7. d5 a5 8. Be2
Na6 9. O-O Bd7 10. f3 h5 11. Nh1 Nh7 12. Nf2 Nc5 13. Be3 Bf6 14. Qd2 Bg5 15.
Bxg5 Nxg5 16. Bd1 Kg7 17. b3 f6 18. Bc2 Nf7 19. a3 Na6 20. Rab1 c5 21. Na2 Nc7
22. Bd3 Ne8 23. b4 axb4 24. axb4 b6 25. Nc3 f5 26. bxc5 bxc5 27. Ra1 f4 28.
Rxa8 Qxa8 29. Qb2 Nf6 30. Ra1 Rb8 31. Nb5 Qb7 32. Ra5 Ra8 33. Qa3 Rxa5 34. Qxa5
g5 35. Nd1 g4 36. Ndc3 Qb8 37. Qc7 Qa8 38. Qa7 Qg8 39. Be2 Kh6 40. Qc7 gxf3 41.
Bxf3 Qc8 42. Qb6 Ne8 43. Be2 h4 44. Na4 Qa8 45. Bd1 h3 46. Qa7 Qd8 47. Nb6 Qh4
48. Qa5 Bg4 49. Qd2 Ng5 50. Nc3 Bxd1 51. Nxd1 hxg2 52. Qxg2 Qe1+ 53. Qf1 Nh3+
54. Kg2 f3+ 0-1

[Event "Karposh Open 2015"]
[Site "Skopje MKD"]
[Date "2015.03.29"]
[Round "4.26"]
[White "Issakainen, Ari"]
[Black "Kovacevic, Aleksandar"]
[Result "1/2-1/2"]
[WhiteElo "2195"]
[BlackElo "2517"]
[PlyCount "80"]
[EventDate "2015.03.27"]
[EventType "swiss"]
[EventRounds "9"]
[EventCountry "MKD"]
[Source "lmi"]
[SourceDate "2015.03.27"]

1. d4 Nf6 2. c4 e6 3. Nc3 c5 4. d5 exd5 5. cxd5 d6 6. e4 g6 7. Nf3 a6 8. a4 Bg4
9. Be2 Bg7 10. O-O O-O 11. Bg5 Bxf3 12. Bxf3 Nbd7 13. Qd2 Re8 14. g3 Rb8 15.
Rfe1 b5 16. axb5 axb5 17. Ra6 Ne5 18. Bg2 b4 19. Nd1 Ra8 20. Rxa8 Qxa8 21. f4
Ned7 22. e5 dxe5 23. f5 e4 24. fxg6 hxg6 25. Ne3 Ne5 26. Bxf6 Bxf6 27. Bxe4 Bg5
28. Qd1 Bxe3+ 29. Rxe3 Qa7 30. Kg2 Nc4 31. Re2 Nd6 32. Bd3 Rxe2+ 33. Qxe2 Qa2
34. Qe5 c4 35. Bxg6 fxg6 36. Qxd6 Qxb2+ 37. Kh3 Qh8+ 38. Kg2 Qb2+ 39. Kh3 Qh8+
40. Kg2 Qb2+ 1/2-1/2

[Event "Karposh Open 2015"]
[Site "Skopje MKD"]
[Date "2015.03.29"]
[Round "4.27"]
[White "Zugaj, Fjodor"]
[Black "Antic, Dejan"]
[Result "0-1"]
[WhiteElo "2187"]
[BlackElo "2457"]
[PlyCount "116"]
[EventDate "2015.03.27"]
[EventType "swiss"]
[EventRounds "9"]
[EventCountry "MKD"]
[Source "lmi"]
[SourceDate "2015.03.27"]

1. d4 Nf6 2. Nf3 g6 3. g3 c5 4. Bg2 cxd4 5. Nxd4 Bg7 6. O-O O-O 7. c4 Nc6 8.
Nc3 Ng4 9. e3 d6 10. b3 Nxd4 11. exd4 Nh6 12. Bb2 Nf5 13. Ne2 Rb8 14. Qd3 a6
15. Bc3 b5 16. d5 bxc4 17. Qxc4 Bxc3 18. Qxc3 Qb6 19. Rac1 Bd7 20. Be4 Qb4 21.
Qxb4 Rxb4 22. Bxf5 Bxf5 23. Rfd1 Be4 24. Rc7 Re8 25. Nc3 Bf5 26. f3 h5 27. h4
Rc8 28. Rxc8+ Bxc8 29. Kf2 f6 30. Ke3 Bb7 31. f4 Kf7 32. Rc1 g5 33. Rf1 gxh4
34. gxh4 Bc8 35. Ne4 a5 36. Rc1 Bb7 37. Rc7 Bxd5 38. Nxd6+ Ke6 39. Nc4 a4 40.
Rc5 axb3 41. f5+ Kf7 42. Rxd5 bxa2 43. Nd6+ exd6 44. Ra5 Rxh4 45. Ra7+ Ke8 46.
Rxa2 d5 47. Ra8+ Ke7 48. Ra6 Re4+ 49. Kf3 h4 50. Rb6 h3 51. Kg3 Re3+ 52. Kh2
Rf3 53. Re6+ Kf7 54. Rd6 Rxf5 55. Kxh3 Rg5 56. Kh4 Ke7 57. Ra6 Rg8 58. Kh5 f5
0-1

[Event "Karposh Open 2015"]
[Site "Skopje MKD"]
[Date "2015.03.29"]
[Round "4.28"]
[White "Dourerassou, Jonathan"]
[Black "Lopez, Jasel"]
[Result "1-0"]
[WhiteElo "2438"]
[BlackElo "2211"]
[PlyCount "77"]
[EventDate "2015.03.27"]
[EventType "swiss"]
[EventRounds "9"]
[EventCountry "MKD"]
[Source "lmi"]
[SourceDate "2015.03.27"]

1. e4 e6 2. d4 d5 3. Nc3 Nf6 4. e5 Nfd7 5. f4 c5 6. Nf3 Nc6 7. Be3 cxd4 8. Nxd4
Bc5 9. Qd2 O-O 10. O-O-O a6 11. Qf2 Qe7 12. Kb1 Nxd4 13. Bxd4 b5 14. Bd3 Bxd4
15. Qxd4 Qc5 16. Ne2 b4 17. Rhe1 a5 18. f5 Qxd4 19. Nxd4 Nc5 20. g4 a4 21. Re3
Ba6 22. Rc1 Rfc8 23. Bxa6 Rxa6 24. c4 Ne4 25. Re2 Rc5 26. cxd5 exd5 27. Rxc5
Nxc5 28. Rc2 Ra5 29. e6 fxe6 30. fxe6 Kf8 31. Rf2+ Ke8 32. Rf5 Ne4 33. Kc2 Rc5+
34. Kd3 a3 35. bxa3 Rc3+ 36. Ke2 Rxa3 37. Rf7 Nc3+ 38. Kf2 Nxa2 39. Nb5 1-0

[Event "Karposh Open 2015"]
[Site "Skopje MKD"]
[Date "2015.03.29"]
[Round "4.29"]
[White "Stanojoski, Zvonko"]
[Black "Hristodorescu, Daniel"]
[Result "1-0"]
[WhiteElo "2418"]
[BlackElo "2194"]
[PlyCount "65"]
[EventDate "2015.03.27"]
[EventType "swiss"]
[EventRounds "9"]
[EventCountry "MKD"]
[Source "lmi"]
[SourceDate "2015.03.27"]

1. e4 e5 2. Nf3 Nc6 3. Bc4 Bc5 4. c3 Qe7 5. O-O d6 6. d4 Bb6 7. h3 Nf6 8. Re1
O-O 9. a4 a5 10. Qd3 Kh8 11. Na3 Nh5 12. Bd5 exd4 13. Bxc6 bxc6 14. cxd4 f5 15.
e5 d5 16. Nc2 f4 17. Qc3 Qe8 18. b3 Rg8 19. e6 g5 20. e7 g4 21. hxg4 Bxg4 22.
Ne5 Bf5 23. Ra2 Rg7 24. Qxc6 Qxc6 25. Nxc6 Re8 26. Re5 Be4 27. Rxh5 Rxg2+ 28.
Kf1 f3 29. Bf4 Rg6 30. Rg5 Bd3+ 31. Ke1 Kg7 32. Rxg6+ hxg6 33. Kd2 1-0

[Event "Karposh Open 2015"]
[Site "Skopje MKD"]
[Date "2015.03.29"]
[Round "4.30"]
[White "Bogdanovski, Vlatko"]
[Black "Miladinovic, Lena"]
[Result "1/2-1/2"]
[WhiteElo "2413"]
[BlackElo "2190"]
[PlyCount "124"]
[EventDate "2015.03.27"]
[EventType "swiss"]
[EventRounds "9"]
[EventCountry "MKD"]
[Source "lmi"]
[SourceDate "2015.03.27"]

1. d4 Nf6 2. Nf3 e6 3. c4 Bb4+ 4. Nbd2 d6 5. g3 Nc6 6. Bg2 a5 7. a3 Bxd2+ 8.
Bxd2 e5 9. d5 Ne7 10. b3 Bf5 11. Nh4 Be4 12. f3 Bf5 13. Nxf5 Nxf5 14. Bh3 Ne7
15. e4 h5 16. Be3 Ng6 17. Qd2 h4 18. O-O-O Nd7 19. Kc2 b6 20. Bg5 Qb8 21. a4
Nc5 22. Rdg1 Kf8 23. Bf5 Qe8 24. Bxg6 fxg6 25. gxh4 Rb8 26. Ra1 Kg8 27. Rhg1
Rh5 28. Rg4 Rb7 29. Be3 c6 30. Rag1 Kh7 31. dxc6 Qxc6 32. Qd5 Qxd5 33. cxd5 Rc7
34. Bxc5 Rxc5+ 35. Kd2 Rc7 36. R1g2 Rh6 37. Rf2 b5 38. axb5 Rb7 39. Kc3 Rxb5
40. Ra2 Rc5+ 41. Kd3 Rb5 42. Kc3 Rc5+ 43. Kd3 Rb5 44. Rb2 Kg8 45. b4 axb4 46.
Kc4 Rc5+ 47. Kxb4 Kf7 48. Ra2 Rh8 49. Ra7+ Kf6 50. Rb7 Rc1 51. Ka5 Ra8+ 52. Kb6
Ra2 53. f4 Rc8 54. Rd7 Rb2+ 55. Ka7 exf4 56. Rxd6+ Ke7 57. Re6+ Kd7 58. Rxf4
Rc7+ 59. Ka6 Ra2+ 60. Kb6 Rb2+ 61. Ka6 Ra2+ 62. Kb5 Rb2+ 1/2-1/2

[Event "Karposh Open 2015"]
[Site "Skopje MKD"]
[Date "2015.03.29"]
[Round "4.31"]
[White "Ivanov, Mikhail M"]
[Black "Glavinac, Goran"]
[Result "1/2-1/2"]
[WhiteElo "2412"]
[BlackElo "2166"]
[PlyCount "122"]
[EventDate "2015.03.27"]
[EventType "swiss"]
[EventRounds "9"]
[EventCountry "MKD"]
[Source "lmi"]
[SourceDate "2015.03.27"]

1. d4 d5 2. c4 e6 3. Nc3 c6 4. e3 Nf6 5. Nf3 Nbd7 6. Bd3 dxc4 7. Bxc4 b5 8. Bd3
Bd6 9. a4 b4 10. Ne4 Be7 11. Qc2 Bb7 12. Ne5 Nxe5 13. dxe5 Nxe4 14. Bxe4 Qc7
15. Bd2 Rc8 16. f4 g6 17. O-O c5 18. Bxb7 Qxb7 19. Qc4 Qd5 20. Qb5+ Qd7 21.
Rfd1 Qxb5 22. axb5 Rc7 23. b6 axb6 24. Ra8+ Bd8 25. Bxb4 Rd7 26. Rxd7 Kxd7 27.
Be1 Re8 28. Kf1 Bc7 29. Rxe8 Kxe8 30. b3 Kd7 31. Ke2 Kc6 32. Kd3 Kb5 33. g4 h5
34. g5 Bd8 35. e4 Be7 36. h3 Ka6 37. Bf2 b5 38. Be3 Kb7 39. Bf2 Kc6 40. Be3 Bd8
41. Bd2 Bb6 42. Be1 Kb7 43. Bd2 Ka6 44. Be1 Ba5 45. Bf2 Bb4 46. Be3 Ba3 47. Bd2
Kb6 48. Be3 Kc6 49. Kc2 Kb6 50. Kd3 Bb4 51. Bf2 Kc6 52. Be3 Be1 53. Bg1 Bg3 54.
Be3 Bh2 55. Kc3 Kb7 56. Kd3 Ka6 57. f5 Bxe5 58. fxe6 fxe6 59. Bxc5 Kb7 60. Bd4
Bf4 61. Be3 Be5 1/2-1/2

[Event "Karposh Open 2015"]
[Site "Skopje MKD"]
[Date "2015.03.29"]
[Round "4.32"]
[White "Arsovic, Goran"]
[Black "Bolat, Ahmet"]
[Result "1/2-1/2"]
[WhiteElo "2412"]
[BlackElo "2170"]
[PlyCount "72"]
[EventDate "2015.03.27"]
[EventType "swiss"]
[EventRounds "9"]
[EventCountry "MKD"]
[Source "lmi"]
[SourceDate "2015.03.27"]

1. d4 Nf6 2. Nf3 d5 3. c4 e6 4. Nc3 Nbd7 5. Bg5 c6 6. cxd5 cxd5 7. e3 Be7 8.
Bd3 h6 9. Bf4 Nh5 10. Be5 Nxe5 11. Nxe5 Nf6 12. O-O O-O 13. Rc1 Bd7 14. Qb3 Qb6
15. Qxb6 axb6 16. Nxd7 Nxd7 17. a3 Rfc8 18. Bb5 Nf6 19. Na4 Bd8 20. f3 Kf8 21.
Kf2 Ke7 22. Ke2 Rc7 23. Rxc7+ Bxc7 24. Rc1 Kd8 25. h3 Ng8 26. e4 Ne7 27. Nc3
Rc8 28. exd5 Bf4 29. Re1 exd5 30. Kd3 Bg3 31. Re2 Bh4 32. Ba4 Bf6 33. Bb3 Rc7
34. Nxd5 Nxd5 35. Bxd5 Rd7 36. Bb3 Bxd4 1/2-1/2

[Event "Karposh Open 2015"]
[Site "Skopje MKD"]
[Date "2015.03.29"]
[Round "4.33"]
[White "Jacimovic, Dragoljub"]
[Black "Unuk, Laura"]
[Result "1-0"]
[WhiteElo "2411"]
[BlackElo "2158"]
[PlyCount "95"]
[EventDate "2015.03.27"]
[EventType "swiss"]
[EventRounds "9"]
[EventCountry "MKD"]
[Source "lmi"]
[SourceDate "2015.03.27"]

1. d4 Nf6 2. c4 e6 3. Nc3 Bb4 4. f3 d5 5. a3 Be7 6. e4 dxe4 7. fxe4 e5 8. d5
Bc5 9. Nf3 Bg4 10. h3 Bxf3 11. Qxf3 O-O 12. Bg5 Nbd7 13. O-O-O h6 14. Bh4 Be7
15. Kc2 a5 16. g4 Ne8 17. Bg3 Bh4 18. Bh2 Qe7 19. Na4 Ra6 20. c5 Rf6 21. Qc3
Bf2 22. c6 bxc6 23. dxc6 Nb8 24. Qxe5 Rxc6+ 25. Nc3 Qxe5 26. Bxe5 Rc5 27. Bf4
Nf6 28. b4 axb4 29. axb4 Rc6 30. Bb5 Rb6 31. Rhf1 Bh4 32. Be3 Rb7 33. Bc5 Nxe4
34. Nxe4 Rxb5 35. Nc3 Rxc5 36. bxc5 Na6 37. Ne4 Be7 38. Rd7 Bxc5 39. Ra1 Re8
40. Rxa6 Rxe4 41. Rxc7 Be7 42. Ra8+ Kh7 43. Re8 Re2+ 44. Kd3 Rh2 45. Rexe7
Rxh3+ 46. Ke4 Rh4 47. Kf5 h5 48. g5 1-0

[Event "Karposh Open 2015"]
[Site "Skopje MKD"]
[Date "2015.03.29"]
[Round "4.34"]
[White "Gantar, Jan"]
[Black "Santiago, Yago De Moura"]
[Result "0-1"]
[WhiteElo "2162"]
[BlackElo "2410"]
[PlyCount "74"]
[EventDate "2015.03.27"]
[EventType "swiss"]
[EventRounds "9"]
[EventCountry "MKD"]
[Source "lmi"]
[SourceDate "2015.03.27"]

1. e4 d6 2. d4 Nf6 3. Nc3 g6 4. g3 Bg7 5. Bg2 O-O 6. Nge2 c6 7. a4 Qc7 8. O-O
e5 9. h3 a5 10. Be3 exd4 11. Nxd4 Nbd7 12. f4 Nc5 13. Re1 Bd7 14. Bf2 Rfe8 15.
Qd2 Re7 16. Re2 Rae8 17. Rae1 Qb8 18. Kh2 h5 19. e5 dxe5 20. Nxc6 Bxc6 21. Bxc5
Rd7 22. Qc1 Bh6 23. Be3 h4 24. fxe5 hxg3+ 25. Kh1 Bxg2+ 26. Kxg2 Bxe3 27. Qxe3
Nh5 28. Ne4 Rde7 29. Nxg3 Rxe5 30. Qxe5 Rxe5 31. Rxe5 Nf4+ 32. Kf3 Ne6 33. Rxe6
fxe6 34. Rxe6 Kf7 35. Re4 Qc8 36. b4 axb4 37. Re2 Qxh3 0-1

[Event "Karposh Open 2015"]
[Site "Skopje MKD"]
[Date "2015.03.29"]
[Round "4.35"]
[White "Radovanovic, Nikola"]
[Black "Kacakovski, Dimitar"]
[Result "1-0"]
[WhiteElo "2399"]
[BlackElo "2150"]
[PlyCount "69"]
[EventDate "2015.03.27"]
[EventType "swiss"]
[EventRounds "9"]
[EventCountry "MKD"]
[Source "lmi"]
[SourceDate "2015.03.27"]

1. d4 Nf6 2. c4 c5 3. d5 e6 4. Nc3 exd5 5. cxd5 d6 6. e4 g6 7. f4 Bg7 8. Bb5+
Nfd7 9. Nf3 O-O 10. O-O a6 11. Bd3 b5 12. Qe1 b4 13. Nd1 Nf6 14. Ne3 Re8 15. e5
Ng4 16. Nc4 dxe5 17. fxe5 Qxd5 18. Be4 Qxc4 19. Bxa8 Nxe5 20. Nxe5 Rxe5 21. Qd1
Nd7 22. Kh1 Qd4 23. Qb3 Nf6 24. Bf4 Rf5 25. Rad1 Rxf4 26. Bf3 Qc4 27. Rd8+ Bf8
28. Qxc4 Rxc4 29. Rxc8 Kg7 30. Rc6 Be7 31. Rxa6 Rc2 32. Ra7 Ng8 33. Bd5 Bd6 34.
Raxf7+ Kh6 35. Rd7 1-0

[Event "Karposh Open 2015"]
[Site "Skopje MKD"]
[Date "2015.03.29"]
[Round "4.36"]
[White "Kerigan, Demre"]
[Black "Vladimirov, Vladimir"]
[Result "1-0"]
[WhiteElo "2397"]
[BlackElo "2148"]
[PlyCount "85"]
[EventDate "2015.03.27"]
[EventType "swiss"]
[EventRounds "9"]
[EventCountry "MKD"]
[Source "lmi"]
[SourceDate "2015.03.27"]

1. e4 d6 2. d4 Nf6 3. Nc3 g6 4. Bg5 Bg7 5. f4 h6 6. Bxf6 Bxf6 7. e5 Bg7 8. Qf3
c5 9. Bb5+ Nd7 10. dxc5 dxe5 11. O-O-O Qc7 12. c6 bxc6 13. Qxc6 Qxc6 14. Bxc6
Rb8 15. Nf3 exf4 16. Rhe1 Rb6 17. Ba4 Rb4 18. Rxe7+ Kxe7 19. Nd5+ Ke6 20. Nxb4
Nc5 21. Bc6 Bb7 22. Nd4+ Bxd4 23. Rxd4 g5 24. Bxb7 Nxb7 25. Nd3 Rc8 26. Ra4 a5
27. Re4+ Kd6 28. Kd2 Nd8 29. Re8 h5 30. Re5 Ne6 31. Rxa5 h4 32. Nf2 Rc4 33. c3
h3 34. Nxh3 g4 35. Ng5 g3 36. hxg3 fxg3 37. Nxe6 fxe6 38. Ke3 e5 39. Ra6+ Kd5
40. Rg6 Ra4 41. a3 Re4+ 42. Kd3 Re1 43. c4+ 1-0

[Event "Karposh Open 2015"]
[Site "Skopje MKD"]
[Date "2015.03.29"]
[Round "4.37"]
[White "Musat, Adrian"]
[Black "Dogan, Nazmi Can"]
[Result "1-0"]
[WhiteElo "2394"]
[BlackElo "2135"]
[PlyCount "125"]
[EventDate "2015.03.27"]
[EventType "swiss"]
[EventRounds "9"]
[EventCountry "MKD"]
[Source "lmi"]
[SourceDate "2015.03.27"]

1. Nf3 Nf6 2. c4 g6 3. Nc3 Bg7 4. e4 d6 5. d4 O-O 6. Be2 e5 7. Be3 Ng4 8. Bg5
f6 9. Bh4 Nc6 10. dxe5 Ngxe5 11. O-O Be6 12. Nd5 Qd7 13. Rc1 Rae8 14. Bg3 Nxf3+
15. Bxf3 Ne5 16. Be2 f5 17. exf5 Bxf5 18. Ne3 Be6 19. b3 Qe7 20. Kh1 Kh8 21.
Re1 Rd8 22. f4 Nc6 23. Bf3 Qf7 24. Qd2 Qd7 25. Rcd1 Qf7 26. Be4 Bc8 27. Nd5 Nd4
28. Bb1 Rde8 29. Rxe8 Rxe8 30. Re1 c6 31. Rxe8+ Qxe8 32. Ne3 Qe7 33. Bf2 Qf6
34. g3 h5 35. Ng2 Kh7 36. Bxd4 Qxd4 37. Qxd4 Bxd4 38. Nh4 Kh6 39. Nxg6 Bh3 40.
Ne7 Kg7 41. Bf5 Bf1 42. Be4 Bc5 43. Nf5+ Kf6 44. Nh4 b5 45. cxb5 cxb5 46. Nf3
Be3 47. Ne1 Bh3 48. Bf3 Kg6 49. Ng2 Bf2 50. Nh4+ Kf6 51. Bxh5 d5 52. Be2 b4 53.
Bd3 a5 54. Nf3 Bd7 55. Kg2 Be3 56. Ne5 Be6 57. Kf3 Bd4 58. Nc6 Bb6 59. g4 d4
60. g5+ Kg7 61. Ke4 a4 62. Nxd4 Bxd4 63. Kxd4 1-0

[Event "Karposh Open 2015"]
[Site "Skopje MKD"]
[Date "2015.03.29"]
[Round "4.38"]
[White "Petrov, Georgi"]
[Black "Todorovic, Goran N"]
[Result "0-1"]
[WhiteElo "2174"]
[BlackElo "2388"]
[PlyCount "56"]
[EventDate "2015.03.27"]
[EventType "swiss"]
[EventRounds "9"]
[EventCountry "MKD"]
[Source "lmi"]
[SourceDate "2015.03.27"]

1. d4 Nf6 2. Nf3 b6 3. g3 Bb7 4. Bg2 c5 5. c4 cxd4 6. Qxd4 g6 7. O-O Bg7 8. Qh4
h6 9. Nc3 Nc6 10. Nd5 g5 11. Nxf6+ Bxf6 12. Qh5 Na5 13. h4 Rc8 14. Bd2 Nxc4 15.
Bc3 Bxc3 16. bxc3 Bxf3 17. Bxf3 e6 18. Qg4 Qf6 19. hxg5 hxg5 20. Qe4 d5 21. Qc2
Kf8 22. Bg2 Kg7 23. Qa4 Rc7 24. Rac1 Qh6 25. Rfd1 Qh2+ 26. Kf1 Ne3+ 27. fxe3
Rc4 28. Qxa7 Qxg3 0-1

[Event "Karposh Open 2015"]
[Site "Skopje MKD"]
[Date "2015.03.29"]
[Round "4.39"]
[White "Drnovsek, Nejc"]
[Black "Nikolov, Sasho"]
[Result "0-1"]
[WhiteElo "2135"]
[BlackElo "2355"]
[PlyCount "58"]
[EventDate "2015.03.27"]
[EventType "swiss"]
[EventRounds "9"]
[EventCountry "MKD"]
[Source "lmi"]
[SourceDate "2015.03.27"]

1. d4 d6 2. Nf3 g6 3. g3 Bg7 4. c4 Nf6 5. Nc3 c6 6. Bg2 a6 7. O-O b5 8. b3 O-O
9. Bb2 Nfd7 10. e3 bxc4 11. bxc4 c5 12. d5 Nb6 13. Nd2 N8d7 14. f4 Nf6 15. h3
Rb8 16. Rb1 e6 17. Qc2 Re8 18. e4 exd5 19. cxd5 Bd7 20. Rfe1 Nh5 21. Kh2 f5 22.
a4 fxe4 23. Bxe4 Nxa4 24. Nxa4 Bxa4 25. Qxa4 Rxb2 26. Rxb2 Bxb2 27. Qxa6 Bc3
28. Qd3 Qf6 29. Kg2 Qd4 0-1

[Event "Karposh Open 2015"]
[Site "Skopje MKD"]
[Date "2015.03.30"]
[Round "5.1"]
[White "Kozul, Zdenko"]
[Black "Drazic, Sinisa"]
[Result "1-0"]
[WhiteElo "2630"]
[BlackElo "2439"]
[PlyCount "85"]
[EventDate "2015.03.27"]
[EventType "swiss"]
[EventRounds "9"]
[EventCountry "MKD"]
[Source "lmi"]
[SourceDate "2015.03.27"]

1. d4 d5 2. c4 e6 3. Nf3 c6 4. g3 f5 5. Bg2 Nf6 6. O-O Bd6 7. b3 Qe7 8. Bb2 O-O
9. Qc1 b6 10. Ba3 Na6 11. Bxd6 Qxd6 12. Qa3 Nb4 13. Rc1 c5 14. cxd5 exd5 15.
dxc5 bxc5 16. Nc3 a5 17. Qb2 Bd7 18. a3 Na6 19. Rd1 d4 20. Qc2 Qe7 21. Na4 Rab8
22. Nd2 Kh8 23. Re1 f4 24. gxf4 Ng4 25. e3 d3 26. Qa2 Qh4 27. Nf3 Qh5 28. h3
Bc6 29. hxg4 Qxg4 30. e4 Qxf4 31. Nc3 c4 32. bxc4 Nc5 33. Qd2 Qf6 34. Nd5 Bxd5
35. cxd5 Nxe4 36. Qxd3 Nd6 37. Rab1 Rbd8 38. Re6 Qf4 39. Rbe1 Nf5 40. R6e4 Qd6
41. Ng5 Qg6 42. Ne6 Nh4 43. Qg3 1-0